|
|
|
|
| LEADER |
01668nam a22003017a 4500 |
| 001 |
34054 |
| 003 |
BD-DhAAL |
| 005 |
20240123124101.0 |
| 008 |
181217t2018 bg a|||| |||| 00| 0 ben d |
| 020 |
|
|
|a 9789849144779
|
| 040 |
|
|
|a BD-DhAAL
|
| 082 |
|
|
|a 954.9205
|2 22
|
| 100 |
|
|
|a আলম, হাবিবুল,
|c বীর প্রতীক
|9 29174
|
| 245 |
|
|
|a ব্রেভ অফ হার্ট /
|c হাবিবুল আলম ; মোহাম্মদ আলী সরকার (অনুবাদিত)
|
| 246 |
|
|
|a Brave of heart
|
| 250 |
|
|
|a দ্বিতীয় প্রকাশ
|
| 260 |
|
|
|a ঢাকা :
|b একাডেমিক প্রেস এন্ড পাবলিশার্স লাইব্রেরি,
|c ২০১৮
|
| 300 |
|
|
|a xiv, ৩৪০ পৃষ্ঠা :
|b চিত্র ;
|c ২২ সে. মি.
|
| 500 |
|
|
|a বাংলাদেশ মুক্তিযুদ্ধের সময় ২ নম্বর সেক্টরের শহুরে গেরিলা যুদ্ধ
|
| 526 |
|
|
|a AAL
|
| 541 |
|
|
|a Development Book Agency
|e 34054
|
| 651 |
|
|
|a Bangladesh
|x History
|y Revolution, 1971.
|9 29175
|
| 651 |
|
|
|a বাংলাদেশ
|x ইতিহাস
|y মুক্তিযুদ্ধ, ১৯৭১.
|9 29176
|
| 700 |
|
|
|a সরকার, মোহাম্মদ আলী
|9 29177
|
| 852 |
|
|
|a Ayesha Abed Library
|c Bangabandhu Corner
|
| 942 |
|
|
|2 ddc
|c BK
|
| 999 |
|
|
|c 40358
|d 40358
|
| 952 |
|
|
|0 0
|1 0
|2 ddc
|4 0
|6 954_920500000000000_ALA
|7 0
|9 64822
|a BRACUL
|b BRACUL
|c BNC
|d 2018-12-18
|e Development Book Agency
|g 450.00
|l 2
|m 6
|o 954.9205 ALA
|p 3010034054
|r 2025-05-19
|s 2025-04-10
|t 1
|v 500.00
|w 2018-12-18
|y BK
|